ბათუმის შოთა რუსთაველის სახელმწიფო უნივერსიტეტის ბიბლიოთეკა

ნაშენთა ხუროთმოძღვრული ნაწილები.წ2. მასობრივი შენობები (ბიბ.ჩანაწერი № 46915)

000 -LEADER
fixed length control field 00874nam a2200229Ia 4500
001 - CONTROL NUMBER
control field 13768
003 - CONTROL NUMBER IDENTIFIER
control field GE_BSU
008 - FIXED-LENGTH DATA ELEMENTS--GENERAL INFORMATION
fixed length control field 181216s||||||||xx |||||||||||||| ||und||
020 ## - INTERNATIONAL STANDARD BOOK NUMBER
International Standard Book Number 9789941202025
040 ## - CATALOGING SOURCE
Transcribing agency GE_BSU
080 ## - UNIVERSAL DECIMAL CLASSIFICATION NUMBER
Universal Decimal Classification number 725.1(075.8)+699.85(075.8)
100 ## - MAIN ENTRY--PERSONAL NAME
Personal name მალაღურაძე,ჯუმბერ
245 ## - TITLE STATEMENT
Title ნაშენთა ხუროთმოძღვრული ნაწილები.წ2. მასობრივი შენობები
245 ## - TITLE STATEMENT
Remainder of title სახელმძღვანელო
260 ## - PUBLICATION, DISTRIBUTION, ETC.
Place of publication, distribution, etc. თბილისი
260 ## - PUBLICATION, DISTRIBUTION, ETC.
Name of publisher, distributor, etc. უნივერსალი
260 ## - PUBLICATION, DISTRIBUTION, ETC.
Date of publication, distribution, etc. 2013
300 ## - PHYSICAL DESCRIPTION
Extent 298გვ.ილ.30სმ.
653 ## - INDEX TERM--UNCONTROLLED
Uncontrolled term მასობრივი შენობები
653 ## - INDEX TERM--UNCONTROLLED
Uncontrolled term ნაშენთა ხუროთმოძღვრული ნაწილები
942 ## - ADDED ENTRY ELEMENTS (KOHA)
Koha item type წიგნი
ეგზემპლარები
Withdrawn status Lost status Damaged status Not for loan Date acquired Barcode Date last seen Price effective from Koha item type
        2018-12-17 27274 2018-12-17 2018-12-17 წიგნი